000 00589nam a22001697a 4500
003 OSt
005 20250815095923.0
008 250815b |||||||| |||| 00| 0 eng d
040 _aDWCL-Main Lib
_cOC
082 _aFil. 657.45 P552 2004
110 _aAuditing Standards and Practices Council
245 _aPhilippine Standards on auditing and Philippine auditing practice statements :
_bcompilation 4
_cAuditing Standards and Practices Council
260 _aManila :
_bPICPA,
_cc2004.
300 _av, 314 pages ;
_c22 cm.
650 _aAuditing standrads.
942 _2ddc
_cBK - FIL
_kFil.
_n0
999 _c3982
_d3982